Study of the High-Resolution Spectrum of the 2?3 Band of the 32S18O2 Molecule; Russian Physics Journal; Vol. 60, iss. 1
| Parent link: | Russian Physics Journal: Scientific Journal Vol. 60, iss. 1.— 2017.— [P. 1-6] |
|---|---|
| Corporate Authors: | , |
| Andre forfattere: | , , , , , |
| Summary: | Title screen High-resolution absorption spectrum of the rotational-vibrational 2ν3 band of the S18O2molecule has been registered for the first time. An analysis of the band by the method of combination differences allows rotational-vibrational structure of the (v = 2, A 1) state to be determined. The inverse spectroscopic problem is solved based on the data obtained. Режим доступа: по договору с организацией-держателем ресурса |
| Sprog: | engelsk |
| Udgivet: |
2017
|
| Fag: | |
| Online adgang: | https://doi.org/10.1007/s11182-017-1037-3 |
| Format: | MixedMaterials Electronisk Book Chapter |
| KOHA link: | https://koha.lib.tpu.ru/cgi-bin/koha/opac-detail.pl?biblionumber=658824 |
MARC
| LEADER | 00000naa0a2200000 4500 | ||
|---|---|---|---|
| 001 | 658824 | ||
| 005 | 20250217142047.0 | ||
| 035 | |a (RuTPU)RU\TPU\network\26935 | ||
| 090 | |a 658824 | ||
| 100 | |a 20181128d2017 k||y0rusy50 ba | ||
| 101 | 0 | |a eng | |
| 135 | |a drcn ---uucaa | ||
| 181 | 0 | |a i | |
| 182 | 0 | |a b | |
| 200 | 1 | |a Study of the High-Resolution Spectrum of the 2?3 Band of the 32S18O2 Molecule |f V. A. Zamotaeva [et al.] | |
| 203 | |a Text |c electronic | ||
| 300 | |a Title screen | ||
| 320 | |a [References: 36 tit.] | ||
| 330 | |a High-resolution absorption spectrum of the rotational-vibrational 2ν3 band of the S18O2molecule has been registered for the first time. An analysis of the band by the method of combination differences allows rotational-vibrational structure of the (v = 2, A 1) state to be determined. The inverse spectroscopic problem is solved based on the data obtained. | ||
| 333 | |a Режим доступа: по договору с организацией-держателем ресурса | ||
| 461 | 1 | |t Russian Physics Journal |o Scientific Journal | |
| 463 | 1 | |t Vol. 60, iss. 1 |v [P. 1-6] |d 2017 | |
| 610 | 1 | |a электронный ресурс | |
| 610 | 1 | |a труды учёных ТПУ | |
| 610 | 1 | |a спектроскопические параметры | |
| 610 | 1 | |a вращательные движения | |
| 610 | 1 | |a диоксид серы | |
| 701 | 1 | |a Zamotaeva |b V. A. |c physicist |c technician Tomsk Polytechnic University |f 1992- |g Valeriya Aleksandrovna |3 (RuTPU)RU\TPU\pers\35515 | |
| 701 | 1 | |a Aslapovskaya |b Yu. S. |c physicist |c Engineer of Tomsk Polytechnic University |f 1991- |g Yuliya Sergeevna |3 (RuTPU)RU\TPU\pers\34079 |9 17635 | |
| 701 | 1 | |a Vasiljev |b K. S. |g Kirill Sergeevich | |
| 701 | 1 | |a Fedotov |b L. E. |g Leonid Evgenjevich | |
| 701 | 1 | |a Bekhtereva |b E. S. |c physicist |c Professor of Tomsk Polytechnic University, Doctor of physical and mathematical sciences |f 1974- |g Elena Sergeevna |3 (RuTPU)RU\TPU\pers\34450 |9 17851 | |
| 701 | 1 | |a Zyatkova (Ziatkova) |b A. G. |c Physicist |c Engineer of the Department of Tomsk Polytechnic University |f 1991- |g Anastasiya Georgievna |3 (RuTPU)RU\TPU\pers\37482 | |
| 712 | 0 | 2 | |a Национальный исследовательский Томский политехнический университет |b Исследовательская школа физики высокоэнергетических процессов |c (2017- ) |3 (RuTPU)RU\TPU\col\23551 |
| 712 | 0 | 2 | |a Национальный исследовательский Томский политехнический университет |b Инженерная школа ядерных технологий |b Отделение экспериментальной физики |3 (RuTPU)RU\TPU\col\23549 |
| 801 | 2 | |a RU |b 63413507 |c 20181128 |g RCR | |
| 856 | 4 | |u https://doi.org/10.1007/s11182-017-1037-3 | |
| 942 | |c CF | ||